| 000 | 00783cam a2200241 4500 | ||
|---|---|---|---|
| 001 | sa 69013835 | ||
| 003 | DLC | ||
| 005 | 20260227112728.0 | ||
| 008 | 691222s1968 ii b 00110 eng | ||
| 010 | _asa 69013835 //r90 | ||
| 025 | _aPL480:I-E-10837 | ||
| 040 |
_aDLC _cDLC _dDLC _dOCoLC |
||
| 050 | 0 | 0 | _aHD6814.C66K35 |
| 082 | 0 | 0 | _a331.1/87/72109542 |
| 100 | 1 | 0 | _aSingh, V. B. |
| 245 | 1 | 0 |
_aClimate for industrial relations; _ba study of Kanpur cotton mills _c[by] V. B. Singh. |
| 260 | 0 |
_aBombay, _aNew York, _bAllied Publishers _c[1968] |
|
| 300 |
_aviii, 220 p. _c23 cm. |
||
| 350 | _a22.00 | ||
| 504 | _aBibliography: p. [210]-214. | ||
| 650 | 0 |
_aCollective bargaining _xCotton manufacture _zIndia _zKānpur. |
|
| 650 | 0 |
_aIndustrial relations _zIndia _zKānpur _xCase studies. |
|
| 999 |
_c89640 _d89640 |
||